হাজার বছর ধরে / (Record no. 6160)
[ view plain ]
| 000 -LEADER | |
|---|---|
| fixed length control field | 00640nam a22001937a 4500 |
| 003 - CONTROL NUMBER IDENTIFIER | |
| control field | BUBTL |
| 008 - FIXED-LENGTH DATA ELEMENTS--GENERAL INFORMATION | |
| fixed length control field | 191117b xxu||||| |||| 00| 0 eng d |
| 020 ## - INTERNATIONAL STANDARD BOOK NUMBER | |
| International Standard Book Number | 978-984-404-357-2 |
| 082 ## - DEWEY DECIMAL CLASSIFICATION NUMBER | |
| Classification number | 891.443 / RAH |
| 100 ## - MAIN ENTRY--PERSONAL NAME | |
| 9 (RLIN) | 1686 |
| Personal name | রায়হান,জহির |
| 245 ## - TITLE STATEMENT | |
| Title | হাজার বছর ধরে / |
| Statement of responsibility, etc. | জহির রায়হান |
| 250 ## - EDITION STATEMENT | |
| Edition statement | 1st ed. |
| 260 ## - PUBLICATION, DISTRIBUTION, ETC. (IMPRINT) | |
| Place of publication, distribution, etc. | ঢাকা : |
| Name of publisher, distributor, etc. | অনুপম প্রকাশনী, |
| Date of publication, distribution, etc. | c1998 |
| 300 ## - PHYSICAL DESCRIPTION | |
| Extent | 64 p. : |
| Dimensions | 22 cm. |
| 650 #0 - SUBJECT ADDED ENTRY--TOPICAL TERM | |
| 9 (RLIN) | 1689 |
| Topical term or geographic name as entry element | বাংলা সাহিত্য |
| 856 ## - ELECTRONIC LOCATION AND ACCESS | |
| Password | 0 |
| Logon | 0 |
| Link text | Download |
| 942 ## - ADDED ENTRY ELEMENTS (KOHA) | |
| Source of classification or shelving scheme | |
| Koha item type | Books |
| Withdrawn status | Lost status | Source of classification or shelving scheme | Damaged status | Not for loan | Collection code | Permanent location | Current location | Shelving location | Date acquired | Inventory number | Total Checkouts | Total Renewals | Full call number | Barcode | Date last seen | Date last checked out | Copy number | Price effective from | Koha item type |
|---|---|---|---|---|---|---|---|---|---|---|---|---|---|---|---|---|---|---|---|
| Fiction | Bangladesh University of Business and Technology Library | Bangladesh University of Business and Technology Library | Fiction | 10/24/2016 | 22707 | 9 | 1 | 891.443 / RAH | BUBTL-200322707 | 05/14/2024 | 05/05/2024 | C-1 | 11/17/2019 | Books | |||||
| Fiction | Bangladesh University of Business and Technology Library | Bangladesh University of Business and Technology Library | Fiction | 10/24/2016 | 22708 | 9 | 891.443 / RAH | BUBTL-200322708 | 07/10/2024 | 07/03/2024 | C-2 | 11/17/2019 | Books |
